000 00227nam a22001097a 4500
999 _c160707
_d160707
082 _a
_b
100 _aRajasekharan
245 _aUdyoga parvam/
_cby Rajasekharan.
260 _a
_bSujay,
_c1991.
650 _a
942 _cBK